Gran diccionario inglés-español = Great spanish-english dictionary / por Arturo Cuyás Armengol y Antonio Cuyás Armengol ; con la colaboración de Alberto del Castillo Yurrita
Descripción Física:
650, 627 p. ; 23 cm
Colección:
Diccionarios Cuyás de consulta
MARC
| LEADER | 00000nam a2200000Ia 4500 | ||
|---|---|---|---|
| 001 | 13214 | ||
| 008 | 160829s1939 xx 000 0 cat d | ||
| 080 | |a L-1-363 | ||
| 100 | |a Cuyás Armengol, Arturo |9 38035 | ||
| 245 | |a Gran diccionario inglés-español = Great spanish-english dictionary / por Arturo Cuyás Armengol y Antonio Cuyás Armengol ; con la colaboración de Alberto del Castillo Yurrita | ||
| 250 | |a 5a ed. | ||
| 260 | |a Barcelona : |b HYMSA, |c 1939 | ||
| 300 | |a 650, 627 p. ; |c 23 cm | ||
| 490 | |a Diccionarios Cuyás de consulta | ||
| 650 | |a Castellà |x Diccionaris |x Anglès |9 38036 | ||
| 650 | |a Anglès |x Diccionaris |x Castellà |9 38037 | ||
| 700 | |a Cuyás Armengol, Antonio |9 38038 | ||
| 700 | 1 | |a Castillo, Alberto del, |d 1899-1976 |9 29407 | |
| 901 | |a Arxiu | ||
| 942 | |n 1 | ||
| 952 | |0 0 |1 0 |4 0 |6 L1363 |7 1 |9 48213 |a Arxiu |b Arxiu |d 2016-12-01 |l 0 |o L-1-363 |p 13214 |r 2016-12-01 00:00:00 |w 2016-12-01 |y ARXIU | ||
| 999 | |c 52019 |d 52019 | ||